000 00285nam a22001217a 4500
008 180807b xxu||||| |||| 00| 0 eng d
082 _a813.52
245 _aFundamental Accounting Principles
_cHill,M.G
260 _c2002
300 _a1
_fCD
440 _x0072497033
942 _2ddc
_cMX
999 _c46900
_d46900